• 首页
  • 本馆介绍
  • 公告通知
  • 最新文献
  • 馆藏检索
  • 电子资源
  • 读者导购
  • 参考咨询
  • 我的图书馆
  • 登录
  • 详细信息显示
  • 放入我的书架
  • 预约/预借图书
  • 作者相关作品
  • 分类相关作品
  • 丛书相关作品
  • 出版社相关作品

书目信息

  • 表格格式
  • 工作单格式
  • 卡片格式
题名:
食品加工技术.工艺和配方大全续集3(上)
    
 
作者: 刘宝家
分册:  
出版信息:   科学技术文献出版社  1997. 8
页数: 463页
开本: 16开
丛书名:
单 册:
中图分类: TS201.1
科图分类:
主题词: 食品工业
电子资源:
ISBN:
000 00574nam0 2200193 45
001 0308271032
005 20030827105642.5
010    @dRMB36.00
100    @a20030827d1997 km y0chiy0120 ea
101    @achi
105    @a z 000yy
200 1  @a食品加工技术.工艺和配方大全续集3(上)@Ashi pin jia gong ji shu.gong yi he pei fang da quan xu ji 3(shang)@f刘宝家@Fliu bao jia
210    @c科学技术文献出版社@d1997. 8
215    @a463页@c无图表@d16开
606 0  @a食品工业
690    @aTS201.1@v3
701  0 @a刘宝家
801    @aCN@b@c20030827
905    @aBZT@dTS201.1@e152-3-1
    
    食品加工技术.工艺和配方大全续集3(上)/刘宝家.-科学技术文献出版社,1997. 8
    463页:无图表;16开
    
    
    ISBN :RMB36.00
    
●
相关链接 在五车中查询图书 在当当中查询图书 在豆瓣中查询图书


正题名:食品加工技术·工艺和配方大全续集3(上)     索取号:TS201.1/152-3-1         预约/预借

序号 登录号 条形码 馆藏地/架位号 状态 备注
山东省滨州职业学院图书馆 欢迎您!
大连网信软件有限公司© 版权所有